000 00631nam a2200181 4500
001 111755
003 ES-MaACL
005 20230906185345.0
007 t|
008 061121s1978 sp r ||||1| spa d
100 1 _aNeuman, Maur.
_985438
245 1 0 _aVademecum de los antibióticos y agentes quimioterápicos antiinfecciosos /
_cMaur Neuman; [traducción y adaptación Luis Arteaga Ruiz y lvaro Marcos Lecuona].
260 _aBilbao :
_bDesclée de Brouwer,
_c1978.
300 _a432 p. ;
_c21 cm.
700 1 _aArteaga Ruiz, Luis.
_923438
700 1 _aMarcos Lecuona, Alvaro.
_976532
852 _aES-MaACL
_jA-9510
_bR.98729
999 _c111755
_d111755